Biochemisty laboratory manual : (Record no. 170085)

MARC details
000 -LEADER
fixed length control field 00662nam a22002057a 4500
005 - DATE AND TIME OF LATEST TRANSACTION
control field 20191210164313.0
010 ## - LCCN (DPL NO)
LC control number ENG-127063
020 ## - INTERNATIONAL STANDARD BOOK NUMBER
Terms of availability 325.00
International Standard Book Number 9789387162525
035 ## - SYSTEM CONTROL NUMBER
System control number EN-110595
037 ## - SOURCE OF ACQUISITION
Source of stock number/acquisition DBAD/PUB
082 ## - DEWEY DECIMAL CLASSIFICATION NUMBER
Classification number 574.192
100 ## - MAIN ENTRY--PERSONAL NAME
Personal name Basu, Pallab
245 ## - TITLE STATEMENT
Title Biochemisty laboratory manual :
Statement of responsibility, etc by Pallab Basu
Remainder of title for MBBS, BDS, BHMS, BUMS, BNYS and dalit students /
250 ## - EDITION STATEMENT
Edition statement 4th ed.
260 ## - PUBLICATION, DISTRIBUTION, ETC. (IMPRINT)
Place of publication, distribution, etc Kolkata
Name of publisher, distributor, etc Academic Publishers
Date of publication, distribution, etc 2019
270 ## - ADDRESS
Address 5A Bhawani Dutta Lane
City Kolkata
Postal code 700073
Electronic mail address contact@academicpublishers.in
300 ## - PHYSICAL DESCRIPTION
Extent xxiv;378p.
Dimensions 24cm(pbk)
500 ## - GENERAL NOTE
General note Includes index
942 ## - ADDED ENTRY ELEMENTS (KOHA)
Source of classification or shelving scheme Dewey Decimal Classification
Item type English Books
Classification part 574.192
Call number suffix BAS
Holdings
Withdrawn status Lost status Not for loan Collection code Home library Current library Date acquired Source of acquisition Cost, normal purchase price Full call number Barcode Copy number Cost, replacement price Koha item type
      Non-fiction Sarojini Nagar Sarojini Nagar 10/12/2019 DBAD/PUB 325.00 574.192 BAS EN-110595 1 325.00 English Books

© Delhi Public Library
Hit Counter
free hit counter